[Event "Solidarity Match Ukraine-Israel"]
[Site "Online"]
[Date "2022.03.21"]
[Round "2.3"]
[White "Postny, Evgeny"]
[Black "Moiseenko, Alexander"]
[Result "1/2-1/2"]
[WhiteElo "2567"]
[BlackElo "2602"]
[Annotator "TA"]
[PlyCount "176"]
[EventDate "2022.03.19"]
[EventType "team-tourn"]
[EventCountry "NET"]
[SourceTitle "playchess.com"]
[Source "ChessBase"]
[SourceQuality "1"]

{[%evp 13,176,14,42,29,31,27,50,47,64,50,87,80,165,170,210,213,215,213,213,214,211,213,227,205,200,211,206,212,212,209,225,180,196,183,191,168,188,165,217,181,304,295,266,213,225,119,127,131,170,124,139,0,0,0,0,0,102,40,219,42,0,0,202,0,48,0,13,0,0,-70,-62,-60,-60,-158,-80,-859,-858,-1057,-581,-844,-581,-799,-733,-859,-679,-1482,-1426,-1289,-399,-1156,-1093,-705,-99,-1348,-1160,-1008,-999,-697,0,0,0,0,0,0,0,-1,-2,-8,0,0,0,0,0,0,0,0,0,0,0,0,0,0,0,0,0,0,0,0,0,0,0,0,0,0,0,0,0,0,0,0,0,0,0,0,0,0,0,0,0,0,0,0,0,0,0,0,0,0,0,0,0,0,0,0,0]} 1. d4 Nf6 2. Nf3 e6 3. c4 Bb4+ 4. Bd2 c5 5. Bxb4 cxb4 6. a3 bxa3 7. Rxa3 {7.Nxa3 is vanishing.} O-O 8. e3 {E11: Bogo-Indian.} d6 9. Nc3 Qe7 10. Be2 {White is slightly better.} e5 11. O-O {[#]} h6 $146 ({Predecessor:} 11... Nc6 12. d5 Nb4 13. Qb3 Na6 14. Rfa1 Nc5 15. Qc2 a6 16. b4 Ncd7 17. e4 b6 {½-½ (34) Pashayan,G-Zelinskis,J USSR 1988}) 12. b4 {[%cal Bb2b4,Bb4b5][%mdl 32]} e4 (12... Bg4 $16) 13. Nd2 $18 a6 14. c5 d5 15. Qb3 Rd8 16. b5 Be6 17. Rfa1 h5 18. bxa6 bxa6 19. Bxa6 Nxa6 20. Rxa6 Rab8 21. Rb6 Nd7 22. Rxb8 Rxb8 23. Qd1 ({Much less strong is} 23. Nxd5 $6 Qg5 24. Nxe4 Rxb3 $14) 23... Qg5 24. Rb1 Rc8 25. Ne2 Bg4 (25... h4 $142 26. Kh1 Qf5) 26. Qf1 Nf6 (26... Nf8 $142 27. Nc3 Ng6) 27. Nf4 h4 28. Qa6 h3 29. g3 (29. Nf1 $18) 29... Qf5 30. Rb6 {White is more active.} Nh5 {[#]} 31. Nxh5 (31. Ne6 $1 $18 {[%mdl 512]} Re8 32. Nc7) 31... Qxh5 $16 32. c6 (32. Kf1 $16) 32... Kh7 $1 $11 33. Rb1 Qg6 34. Rb6 {[%cal Oc6c7]} Bf5 (34... Qh5 $11 {remains equal.}) 35. Qb5 (35. Qb7 $1 $16) 35... Qg4 $2 (35... Qd6 $14) 36. Qf1 $2 (36. Qxd5 $2 Qd1+ 37. Nf1 Qf3 38. Qxf5+ Qxf5 $19) (36. f3 $1 $18 {[%cal Rf3g4]} exf3 37. Qxd5) 36... Qg6 $14 37. Qb5 $2 (37. Qa6 $11) 37... Qg4 $1 $18 38. Qf1 {To avoid Qd1} ({Wrong is} 38. Qxd5 $2 Qd1+ 39. Nf1 Qf3 40. Qxf5+ Qxf5 $19) (38. f3 $1 $18 {[%cal Rf3g4]} exf3 39. Qxd5) 38... Qg6 $14 39. Qd1 (39. Qa6 $1 $14) 39... Bg4 (39... Rxc6 $2 40. Rxc6 Qxc6 41. Qh5+ Kg8 42. Qxf5 $18) 40. Qa4 Bd7 {[%cal Rd7c6]} 41. Qd1 ({Better is} 41. Qa6 $11 Rxc6 42. Rxc6 Qxc6 43. Qxc6 Bxc6 44. f3) 41... Rxc6 42. Rxc6 Qxc6 43. Nb3 {[#]} ({White should try} 43. f3 $15) 43... Qc3 (43... Qa4 $142 $1 {Threatens to win with ...g6.} 44. Kf1 (44. Qh5+ Kg8 $17) 44... g6) 44. Nc5 $2 {[%mdl 8192] [#]} (44. Nd2 $17) 44... Bg4 $1 $19 {[%mdl 512]} 45. Qf1 Qd2 46. Nb3 Qc2 47. Nc5 g6 48. Nb7 Kg7 49. Nc5 Qd2 {Inhibits Qe1.} 50. Nb3 Qc3 51. Nc5 Qc2 52. Qe1 {[#]} Be2 $2 (52... g5 $1 $19 {is more deadly. And now ...Kg6 would win.} 53. Qf1 Be2) 53. Nd7 $2 {[%mdl 8192]} (53. Na4 $17) 53... Bd3 54. Nc5 Bb5 55. Nb7 Qc8 $2 ({Black should play} 55... Kf6 $19 {Hoping for ...Bd3.} 56. Nc5 g5) 56. Nd6 $1 $11 {[%csl LRb5,LRc8] The position is equal.} Qc6 57. Nxb5 Qxb5 {[%mdl 4096] Endgame KQ-KQ} 58. Qd1 f5 59. Qc1 Kh6 60. Qd1 {To avoid Qe2} Kg5 {aiming for ...Kf6.} 61. f4+ exf3 62. Qxf3 Qb1+ 63. Kf2 Qc2+ 64. Ke1 Qb1+ (64... Qxh2 $5 65. Qf4+ Kf6 66. Qe5+ Kg5 67. Qf4+ Kf6 68. Qe5+ Kg5 69. Qf4+ $11) 65. Kf2 Qa2+ 66. Ke1 Kf6 67. Qf4 Qb1+ 68. Kf2 Qc2+ 69. Ke1 Qc1+ 70. Ke2 Qc2+ 71. Ke1 Qc3+ 72. Ke2 Qc4+ 73. Ke1 Kf7 74. g4 Qc2 75. gxf5 gxf5 76. Qe5 Kg6 77. Qg3+ Kf6 78. Qh4+ Kg6 79. Qxh3 {Qg3+ is the strong threat.} Qc1+ 80. Ke2 Qc2+ 81. Kf3 Qe4+ 82. Kf2 Qc2+ 83. Kg3 Qd3 84. Kf2 Qc2+ $1 85. Kg1 Qc1+ $1 86. Kg2 {Black must now prevent Qf3.} Qc2+ $1 87. Kg3 Qe4 88. Kf2 {Strongly threatening Qg2+.} Qc2+ {What a bad dream for Black.  Weighted Error Value: White=0.58/Black=0.54} 1/2-1/2

[Event "Solidarity Match Ukraine-Israel"]
[Site "Online"]
[Date "2022.03.21"]
[Round "2.4"]
[White "Golod, Vitali"]
[Black "Zubov, Alexander"]
[Result "1/2-1/2"]
[WhiteElo "2505"]
[BlackElo "2598"]
[Annotator "TA"]
[PlyCount "42"]
[EventDate "2022.03.19"]
[EventType "team-tourn"]
[EventCountry "NET"]
[SourceTitle "playchess.com"]
[Source "ChessBase"]
[SourceQuality "1"]

{[%evp 18,42,18,11,5,18,33,31,29,18,39,35,37,11,14,15,21,0,0,0,0,0,0,0,9,9,12]} 1. d4 Nf6 2. c4 e6 3. Nf3 Bb4+ 4. Bd2 Bxd2+ 5. Qxd2 O-O 6. g3 d5 7. Bg2 Nbd7 8. O-O c6 {8...dxc4 is vanishing.} 9. Qc2 b6 10. Nbd2 Bb7 {E11: Bogo-Indian.} 11. e4 Nxe4 12. Nxe4 dxe4 {White is slightly better.} 13. Qxe4 Qc7 14. Ne5 Rfd8 15. Rad1 {[%cal Re5c6]} Nxe5 {The position is equal.} 16. dxe5 Rab8 17. Qe2 c5 {[#]} 18. h4 $146 ({Predecessor:} 18. Bxb7 Rxb7 19. Rd3 Rxd3 20. Qxd3 g6 21. f4 Qd7 22. Rd1 Qxd3 23. Rxd3 Kf8 24. Kf2 {½-½ (32) Javakhishvili,L (2473)-Fucak,E (2253) Rijeka 2008}) 18... Bxg2 19. Kxg2 Qc6+ 20. Qf3 Qxf3+ 21. Kxf3 Kf8 {Weighted Error Value: White=0.06 (flawless) /Black=0.05 (flawless)} 1/2-1/2

[Event "Solidarity Match Ukraine-Israel"]
[Site "Online"]
[Date "2022.03.21"]
[Round "2.5"]
[White "Kogan, Arthur"]
[Black "Efimenko, Zahar"]
[Result "1/2-1/2"]
[WhiteElo "2485"]
[BlackElo "2597"]
[Annotator "TA"]
[PlyCount "107"]
[EventDate "2022.03.19"]
[EventType "team-tourn"]
[EventCountry "NET"]
[SourceTitle "playchess.com"]
[Source "ChessBase"]
[SourceQuality "1"]

{[%evp 15,107,54,41,-41,-29,-49,-58,-47,-53,-60,-59,-78,-73,-92,-99,-107,-113,-100,-100,-137,-123,-150,-99,-147,-147,-152,-128,-126,0,0,0,0,44,8,91,70,91,62,75,0,0,0,45,0,0,0,0,0,2,6,7,7,3,4,4,1,2,0,11,0,20,0,0,0,0,0,0,0,0,0,0,0,0,0,0,0,0,0,0,0,0,0,0,0,0,0,0,0,0,0,0,0,0,0]} 1. e4 g6 2. d4 Bg7 3. Nc3 d6 4. Bg5 Nd7 5. Qd2 c6 {[%cal Bc7c6,Bc6c5,Bc5c4][%mdl 32]} 6. f4 b5 7. Nf3 Ngf6 8. Bd3 O-O 9. Ne2 {[#] B07: Pirc Defence: Miscellaneous Systems.} (9. e5 $14 b4 10. Ne2 (10. exf6 bxc3 11. bxc3 exf6 $15)) 9... c5 $146 {And now ...c4 would win.} ({Predecessor:} 9... Nb6 10. O-O Nc4 11. Qc1 a5 12. c3 d5 13. Ng3 Nxe4 14. Nxe4 dxe4 15. Bxe4 Qc7 16. b3 Nd6 {0-1 (52) Jahrsdoerfer,G (2061)-Soeder,T (2085) Massbach 2001}) 10. e5 {[#]} c4 $1 11. exf6 {Black is slightly better.} Nxf6 12. Bxf6 exf6 13. Be4 d5 14. Bxd5 Qxd5 15. O-O Bb7 16. Nc3 Qd7 17. a3 Rad8 18. Rad1 a5 ({Black should try} 18... Rfe8 19. d5 f5) 19. Ne2 (19. Rde1 $142) 19... Rfe8 $17 20. Rf2 Qc7 21. f5 g5 ({Of course not} 21... gxf5 $6 22. Nh4 $11) (21... Bf8 $17 22. fxg6 hxg6) 22. c3 $11 Qe7 23. Ng3 Qe3 (23... Qf8 $11 {is superior.} 24. Nh5 g4) 24. Nh5 Qxd2 (24... b4 $11) 25. Nxd2 $16 {[%cal Oa3a4]} Bd5 26. Nf1 Rd6 27. Nxg7 (27. Rdd2 $16) 27... Kxg7 $11 28. Ng3 Re3 (28... Rh8 $11) 29. Nf1 (29. Rfd2 $14) 29... Re8 {The position is equal.} 30. Ng3 {[%cal Bf1g3,Bg3e2,Be2c3][%mdl 32]} b4 31. axb4 axb4 32. Re2 Rxe2 33. Nxe2 bxc3 34. Nxc3 {[%mdl 4096] Endgame KRB-KRN} h5 35. Kf2 Kf8 36. Rd2 Ke7 37. Ke3 Kd7 38. Nxd5 Rxd5 {KR-KR} 39. Ke4 Rb5 40. g3 g4 41. Rc2 Kd6 42. Rd2 Rb3 43. Rc2 Rb8 {[#] ( -> ...Re8+)} 44. Rxc4 Rxb2 {...Re2+ is the strong threat.} 45. Ra4 Re2+ 46. Kf4 Kd5 {[%csl Gd5][%cal Re2e4]} 47. Ra5+ Kxd4 {[%cal Re2f2]} 48. Ra4+ Kd5 {aiming for ...Rf2+.} 49. Ra5+ Kd6 50. Ra7 $1 Rf2+ 51. Ke4 Re2+ 52. Kf4 Rf2+ 53. Ke4 Re2+ 54. Kf4 {Weighted Error Value: White=0.13 (very precise) /Black=0.13 (very precise)} 1/2-1/2